书目信息 |
| 题名: |
信息系统管理
|
|
| 作者: | 陈国青 , 郭迅华 编著 | |
| 分册: | ||
| 出版信息: | 北京 中国人民大学出版社 2006 |
|
| 页数: | 412页 | |
| 开本: | 23cm | |
| 丛书名: | ||
| 单 册: | ||
| 中图分类: | G203 , C931.6 | |
| 科图分类: | ||
| 主题词: | 信息系统--系统管理--高等教育--教材 , 信息系统 , 管理--技术 , 管理--方法 | |
| 电子资源: | ||
| ISBN: | 7-300-06774-3 | |
| 000 | 01219nam0 2200313 450 | |
| 000 | 01172nam0 2200277 450 | |
| 000 | 01105nam0 2200253 450 | |
| 000 | 01069oam2 2200241 45 | |
| 005 | 20070723142000.50 | |
| 010 | @a7-300-06774-3@dCNY29.00 | |
| 100 | @a20070719d2006 em y0chiy0120 ea | |
| 101 | 0 | @achi |
| 102 | @aCN@b110000 | |
| 105 | @ay z 000yy | |
| 200 | 1 | @a信息系统管理@AXin Xi Xi Tong Guan Li@f陈国青,郭迅华编著@FChen Guo Qing, Guo Xun Hua Bian Zhu |
| 210 | @a北京@c中国人民大学出版社@d2006 | |
| 215 | @a412页@d23cm | |
| 300 | @a普通高等教育“十五”国家级规划教材教育部面向21世纪信息管理与信息系统系列教材/陈禹主编面向21世纪课程教材 | |
| 330 | @a本书从信息系统与竞争战略、信息系统与组织变革、信息系统应用的建设与协调、信息资源的开发与管理四个方面,对信息系统管理相关内容与任务进行了整体性的介绍,并对其中的一些重点问题进行了深入的分析与探讨。 | |
| 606 | 0 | @a信息系统@x系统管理@x高等教育@j教材 |
| 606 | 0 | @a信息系统 |
| 606 | 0 | @a管理@x技术 |
| 606 | 0 | @a管理@x方法 |
| 690 | @aG203@v4 | |
| 690 | @aC931.6@v3 | |
| 701 | 0 | @a陈国青@AChen Guo Qing@c(经济管理)@4编著 |
| 701 | 0 | @a郭迅华@AGuo Xun Hua@f(1976~)@c(回)@4编著 |
| 801 | 0 | @aCN@bTAOJIN@c20070723 |
| 905 | @a10447@dC931.6@e369 | |
| 信息系统管理/陈国青,郭迅华编著.-北京:中国人民大学出版社,2006 |
| 412页;23cm |
| 普通高等教育“十五”国家级规划教材教育部面向21世纪信息管理与信息系统系列教材/陈禹主编面向21世纪课程教材 |
| ISBN 7-300-06774-3:CNY29.00 |
| 本书从信息系统与竞争战略、信息系统与组织变革、信息系统应用的建设与协调、信息资源的开发与管理四个方面,对信息系统管理相关内容与任务进行了整体性的介绍,并对其中的一些重点问题进行了深入的分析与探讨。 |
| ● |
| 相关链接 |
|
|
|
|
正题名:信息系统管理
索取号:C931.6/369
 
预约/预借
| 序号 | 登录号 | 条形码 | 馆藏地/架位号 | 状态 | 备注 |
| 1 | 0823582 | 208235827 | 第一样本阅览室/ [索取号:C931.6/369] | 在馆 | |
| 2 | 0823583 | 208235836 | 教育系资料室/ [索取号:C931.6/369] | 在馆 | |
| 3 | 0823584 | 208235845 | 教育系资料室/ [索取号:C931.6/369] | 在馆 | |
| 4 | 0823585 | 208235854 | 第一借阅区/ [索取号:C931.6/369] | 在馆 | |
| 5 | 0823586 | 208235863 | 第一借阅区/ [索取号:C931.6/369] | 在馆 | |
| 6 | 0823587 | 208235872 | 第一借阅区/ [索取号:C931.6/369] | 在馆 | |
| 7 | 0823588 | 208235881 | 教育系资料室/ [索取号:C931.6/369] | 在馆 | |
| 8 | 0823589 | 208235890 | 第一借阅区/ [索取号:C931.6/369] | 在馆 |